Direitos individuais em espécie / (Record no. 913)

MARC details
000 -LÍDER
Campo Fixo de Controle 00891nam a2200289 a 4500
001 - NÚMERO DE CONTROLE
Campo de Controle 913
003 - IDENTIFICAÇÃO DO NÚMERO DE CONTROLE
Campo de Controle BR-CuiBMT
005 - DATA E HORA DA ÚLTIMA ATUALIZAÇÃO
Campo de Controle 20231212155738.0
008 - DADOS FIXOS
Dados Fixos 231122s2015 baba 000 0 por d
020 ## - INTERNATIONAL STANDARD BOOK NUMBER
Nº do ISBN 8544203078
040 ## - AGÊNCIA CATALOGADORA
Código da Agência Catalogadora BR-CuiBMT
Agência que transcreveu o registro BR-CuiBMT
080 ## - Nº DA CLASSIFICAÇÃO DECIMAL UNIVERSAL
Nº Class. CDU 342.7
Nº edição CDU 2007
090 ## - NÚMERO DE CHAMADA
Nº classificação 342.7
Cutter D476d
100 1# - ENTRADA PRINCIPAL -- AUTOR PESSOAL
Nome pessoal Destefenni, Marcos
245 10 - TÍTULO PRINCIPAL
Título principal Direitos individuais em espécie /
Indicação de responsabilidade Marcos Destefenni.
260 ## - PUBLICAÇÃO, DISTRIBUIÇÃO, ETC.
Local de publicação Salvador :
Editora JusPODIVM,
Data 2015.
300 ## - DESCRIÇÃO FÍSICA
N. páginas ou volumes 210 p. :
Ilustrações il. color. ;
Dimensões 21 cm
490 1# - INDICAÇÃO DE SÉRIE
Título da série Coleção sinopses para concursos ;
Volume/designação sequencial da série v. 32
500 ## - NOTAS GERAIS
Notas gerais Inclui Tutela coletiva ; Processo coletivo; Ação civil pública.
650 ## - ASSUNTO TÓPICO
Cabeçalho tópico ou nome geográfico Direitos fundamentais
Subdivisão geográfica Brasil
650 ## - ASSUNTO TÓPICO
Cabeçalho tópico ou nome geográfico Ação civil pública
650 ## - ASSUNTO TÓPICO
Cabeçalho tópico ou nome geográfico Direitos difusos
650 ## - ASSUNTO TÓPICO
Cabeçalho tópico ou nome geográfico Direitos individuais
650 ## - ASSUNTO TÓPICO
Cabeçalho tópico ou nome geográfico Direitos coletivos
830 #0 - ENTRADA SECUNDÁRIA DE SÉRIE -- TÍTULO UNIFORME
Título uniforme Sinopses para concursos ;
Nº do volume/designação sequencial da série 32
942 ## - ELEMENTOS DE ENTRADA ADICIONAIS (KOHA)
Fonte de classificação ou esquema de arquivamento Classificação Decimal Universal
Tipo de item do Koha Livros
Holdings
Estado: removido Estado: perdido Fonte de classificação ou esquema de arquivamento Estado: danificado Indisponível para empréstimo Localização permanente Localização atual Data de aquisição Total Checkouts Número de Chamada completo Código de barras Date last seen Número do exemplar Preço efetivo a partir de Tipo de item (Koha)
    Classificação Decimal Universal     Biblioteca da Escola Superior de Contas do TCE/MT Biblioteca da Escola Superior de Contas do TCE/MT 22/11/2023   342.7 D476d BIBTCEMT23110906 22/11/2023 Ex. 1 22/11/2023 Livros

Powered by Koha